000 00801nam a22001937a 4500
003 OSt
005 20260410081216.0
008 260410b |||||||| |||| 00| 0 eng d
040 _aDWCL GS lib
_cOC
082 _aFic. W583c 1980
100 _aWhite, E.B
245 _acharlotte's web
260 _aNew York
_bHarper Collins Publishers
_cc1952
300 _a183
_billustrations
_c19cm
520 _aWhat the book about is friendship on earth, affection and protection, adventure and miracle, life and death, trust and teachery, pleasure and pain, and the passing of time. As a piece of work it is just about perfect, and just about magical in the way it is done.
546 _aEnglish
700 _aE.B White
942 _2ddc
_cFIC.
_hFic. W583c 1980
_n0
999 _c9359
_d9359